000 00560nam a22001697a 4500
005 20251108164320.0
008 250721s1996 xx 000 0 ara d
082 1 4 _a660.6/عبد
100 1 _aعبد الحافظ، عبد الوهاب محمد
245 1 0 _aالميكروبيولوجيا التطبيقية /
264 1 _aالقاهره :
_bالمكتبه الأكاديميه،
_c1996.
300 _a433ص
650 1 7 _aعلم الأحياء الدقيقة
700 1 _aمبارك، محمد الصاوي محمد
942 _2ddc
_cBK
999 _c9118
_d9118